Free Radicals

Bibliographic Details
Main Author: Kochi, Jay K
Format: Section = Libro
Language:Undetermined
Spanish
Published: United Stated John Wiley & Sons 1973
Subjects:
LEADER 00585nam a2200217Ia 4500
008 240830s9999 xx 000 0 und d
020 |a 0-471--49702-0 
040 |a CEDOC FIQ-RUSB / 547 K76 v.1 c.1 
041 |a spa 
082 |a 547 K76 v.1 c.1 
100 1 |a Kochi, Jay K 
245 1 0 |a Free Radicals 
260 |a United Stated  |b John Wiley & Sons  |c 1973 
300 |a 906 p. :il. 
650 7 |a QUÍMICA ORGÁNICA 
650 7 |b  CATÁLISIS DE IONES DE METAL 
650 7 |c  OXIDACIÓN INICIADA 
650 7 |d  PATRONES DE REACTIVIDAD 
942 |c BK  |2 ddc 
991 |a TEXTO 
999 |c 13979